000 00379nam a2200157Ia 4500
003 OSt
005 20240307144957.0
008 170523s9999 xx 000 0 und d
020 _a978-0852973387
040 _ciimtu meerut
100 _aGOACHER- DAVID
245 4 _aTHE MONATERY AND FINANCIAL SYSTEM
260 _bAITBS PUBLICATION DIS
260 _c2002
942 _2ddc
_c02
999 _c1216
_d1216